[Event "Tournoi Skype 030B"]
[Site "Skype"]
[Date "????.??.??"]
[Round "8.56"]
[White "Grib, Jessica"]
[Black "Cassano, Mariangela"]
[Result "1-0"]
[WhiteElo "1012"]
[BlackElo "1000"]
[PlyCount "65"]

1. d4 d5 2. Nc3 e6 3. Nf3 Nf6 4. e3 Be7 5. Bd3 c6 6. a3 O-O 7. b4 Nbd7 8. e4
dxe4 9. Nxe4 Nxe4 10. Bxe4 Nf6 11. Bd3 b6 12. c3 c5 13. Qc2 g6 14. Ne5 Bd6 15.
Nc6 Qd7 16. Ne5 Qc7 17. Bg5 h6 18. Bxh6 Bxe5 19. Bxg6 fxg6 20. Qxg6+ Kh8 21.
Bxf8 Bb7 22. Qh6+ Kg8 23. Bg7 Ng4 24. Qxe6+ Kxg7 25. Qxg4+ Kf7 26. Qf5+ Ke7 27.
dxe5 Qxe5+ 28. Qxe5+ Kf8 29. Qd6+ Ke8 30. Qg6+ Ke7 31. Qg7+ Ke6 32. Qg6+ Kd5
33. O-O-O+ 1-0

[Event "Tournoi Skype 030B"]
[Site "Skype"]
[Date "????.??.??"]
[Round "8.57"]
[White "Fuentes, Francisco"]
[Black "Molina, Maria Lucia"]
[Result "1-0"]
[WhiteElo "1005"]
[BlackElo "1000"]
[PlyCount "73"]

1. e4 e5 2. Nf3 Nc6 3. c3 Nf6 4. d4 d5 5. dxe5 Nxe4 6. Bd3 Nc5 7. Bb5 a6 8.
Bxc6+ bxc6 9. O-O Be7 10. Nbd2 O-O 11. Re1 Nd3 12. Re3 Nxc1 13. Rxc1 Bg4 14.
Qc2 h6 15. Nd4 Qd7 16. h3 Bf5 17. Nxf5 Bg5 18. Rg3 g6 19. Ne3 c5 20. Nf3 Bf4
21. Rg4 h5 22. Rh4 g5 23. Rxh5 f6 24. Qg6+ Qg7 25. Qd3 Kf7 26. Nf5 Qg6 27. e6+
Kxe6 28. g4 Rh8 29. Re1+ Be5 30. Nxe5 fxe5 31. Rxh8 Rxh8 32. Qxa6+ Kf7 33.
Qxg6+ Kxg6 34. Ne7+ Kf7 35. Nxd5 Rc8 36. Rxe5 Kg6 37. Ne7+ 1-0

[Event "Tournoi Skype 030B"]
[Site "Skype"]
[Date "????.??.??"]
[Round "9.1"]
[White "Kumbhar, Ashok"]
[Black "Lago Carballo, Maria Del Carmen"]
[Result "0-1"]
[WhiteElo "1018"]
[BlackElo "1294"]
[PlyCount "34"]

1. e4 d5 2. exd5 Qxd5 3. Nc3 Qe5+ 4. Nge2 c6 5. d4 Qc7 6. Bf4 Qd8 7. d5 Nf6 8.
dxc6 Qxd1+ 9. Rxd1 bxc6 10. g3 e6 11. Bc7 Nd5 12. Nxd5 cxd5 13. Nd4 Be7 14.
Bxb8 Rxb8 15. Nc6 Rxb2 16. Nxa7 Bd7 17. c4 Bb4+ 0-1

[Event "Tournoi Skype 030B"]
[Site "Skype"]
[Date "????.??.??"]
[Round "9.2"]
[White "Herrera, Oscar"]
[Black "Resende, Paulo"]
[Result "0-1"]
[WhiteElo "1126"]
[BlackElo "1000"]
[PlyCount "72"]

1. e4 e5 2. Nf3 Nc6 3. Bc4 Nf6 4. d3 Be7 5. O-O d6 6. h3 Na5 7. Nbd2 Nxc4 8.
Nxc4 O-O 9. b3 Re8 10. Bb2 Be6 11. Ne3 Nd7 12. c4 Bg5 13. Qd2 Bxe3 14. Qxe3 Qf6
15. d4 exd4 16. Bxd4 Qg6 17. Ng5 Nf6 18. Bxf6 Qxf6 19. Rfe1 Bd7 20. f4 Qg6 21.
Rf1 h6 22. f5 Qxg5 23. Qf3 Bc6 24. Rae1 Re5 25. Re2 Rae8 26. Rfe1 Qe7 27. f6
Qxf6 28. Qxf6 gxf6 29. Rf2 Kg7 30. Re3 Bxe4 31. Rg3+ Bg6 32. h4 h5 33. Kh2 Re2
34. Rf4 Rxa2 35. Rgf3 f5 36. Kg3 Rae2 0-1

[Event "Tournoi Skype 030B"]
[Site "Skype"]
[Date "????.??.??"]
[Round "9.3"]
[White "Garcia De La Calva, Juan Ramon"]
[Black "De Fazio, Monica"]
[Result "1/2-1/2"]
[WhiteElo "1000"]
[BlackElo "1153"]
[PlyCount "37"]

1. e4 e6 2. d4 c5 3. Nf3 d5 4. e5 Nc6 5. Bb5 Bd7 6. Bxc6 Bxc6 7. O-O Ne7 8. c3
Nf5 9. Re1 Qb6 10. Na3 cxd4 11. cxd4 Bxa3 12. bxa3 O-O 13. g4 Ne7 14. h4 Rac8
15. Re3 Qd8 16. Ng5 h6 17. Nh3 f6 18. Rg3 fxe5 19. dxe5 1/2-1/2

[Event "Tournoi Skype 030B"]
[Site "Skype"]
[Date "????.??.??"]
[Round "9.4"]
[White "Moumtaz, Abderrahim"]
[Black "Khabou, Taha"]
[Result "0-1"]
[WhiteElo "1213"]
[BlackElo "1358"]
[PlyCount "128"]

1. d4 e6 2. e4 d5 3. Nc3 dxe4 4. Nxe4 Bd7 5. Nf3 Bc6 6. Be3 Bxe4 7. Bd3 Bxd3 8.
Qxd3 c6 9. O-O Nf6 10. Rfe1 Be7 11. Bg5 O-O 12. Ne5 Nbd7 13. Nf3 Nb6 14. c4 h6
15. Bh4 Re8 16. Rac1 Nh5 17. Bxe7 Qxe7 18. Qd2 Nf6 19. Nh4 Qd7 20. Nf3 Rad8 21.
c5 Nbd5 22. Ne5 Qc7 23. b4 Ne7 24. a4 Nf5 25. Nf3 a6 26. Rc3 Rd5 27. Rd3 Red8
28. g4 Nxg4 29. Re4 Nf6 30. Re5 Rxe5 31. Nxe5 Rxd4 32. Rxd4 Nxd4 33. Qxd4 Nd5
34. a5 Qe7 35. Nf3 Qf6 36. Qxf6 gxf6 37. Nd4 Nxb4 38. Nb3 Kf8 39. Kf1 Ke7 40.
Ke2 e5 41. Ke3 Ke6 42. Ke4 f5+ 43. Ke3 Kd5 44. Kd2 Ke4 45. Ke2 Kf4 46. Nd2 Kg4
47. Ke3 Nd5+ 48. Ke2 Kh3 49. Nf1 Kg2 50. h4 Kh3 51. h5 Kh4 52. Ng3 Nf4+ 53. Kf3
Kg5 54. Ke3 Nxh5 55. Nxh5 Kxh5 56. f3 Kh4 57. Kf2 Kh3 58. Ke3 Kg2 59. f4 f6 60.
fxe5 fxe5 61. Ke2 h5 62. Ke3 h4 63. Ke2 h3 64. Ke3 h2 0-1

[Event "Tournoi Skype 030B"]
[Site "Skype"]
[Date "????.??.??"]
[Round "9.5"]
[White "Abdulrazzaq, Mohsen"]
[Black "Prieto, Jairo Ovidio"]
[Result "1-0"]
[WhiteElo "1346"]
[BlackElo "1277"]
[PlyCount "93"]

1. e4 e5 2. Nf3 Nc6 3. Bb5 a6 4. Bxc6 dxc6 5. Nxe5 Qg5 6. Nf3 Qxg2 7. Rg1 Qh3
8. Rg3 Qh5 9. d4 Nf6 10. Rg5 Qh3 11. Nc3 Bb4 12. Rxg7 Bg4 13. Rxg4 Qxg4 14. Qe2
Qxe4 15. Bd2 Qxe2+ 16. Nxe2 Bxd2+ 17. Kxd2 Rg8 18. Ng3 Kd7 19. Ne5+ Ke6 20. Re1
Rae8 21. Ng4+ Kd6 22. Nf5+ Kd7 23. Nxf6+ Kd8 24. Rxe8+ Rxe8 25. Nxe8 Kxe8 26.
Ke3 Kd7 27. Ke4 Ke6 28. c4 b5 29. cxb5 axb5 30. Ng7+ Kf6 31. Ne8+ Ke7 32. Nxc7
Kd6 33. Nxb5+ cxb5 34. b4 f5+ 35. Kxf5 Kd5 36. f4 Kxd4 37. Ke6 Kc4 38. f5 Kxb4
39. f6 Ka3 40. f7 Kxa2 41. f8=Q Kb3 42. Qc5 b4 43. Kd5 Ka3 44. Kc4 Kb2 45.
Qxb4+ Kc2 46. Qc3+ Kd1 47. Kd3 1-0

[Event "Tournoi Skype 030B"]
[Site "Skype"]
[Date "????.??.??"]
[Round "9.6"]
[White "Morales Terreros, Jose Luis"]
[Black "Cengiz, Ali Ekber"]
[Result "1-0"]
[WhiteElo "1000"]
[BlackElo "1281"]
[PlyCount "29"]

1. e4 e5 2. Bc4 Nc6 3. Nf3 Bc5 4. c3 h6 5. d4 exd4 6. cxd4 Bb4+ 7. Nc3 Be7 8.
Qb3 d5 9. exd5 Na5 10. Qb5+ c6 11. dxc6 bxc6 12. Bxf7+ Kxf7 13. Qh5+ Kf8 14.
Ne5 Nf6 15. Qf7# 1-0

[Event "Tournoi Skype 030B"]
[Site "Skype"]
[Date "????.??.??"]
[Round "9.7"]
[White "Scata, Laura"]
[Black "Pirola, Gabriele"]
[Result "1-0"]
[WhiteElo "1366"]
[BlackElo "1000"]
[PlyCount "45"]

1. d4 d5 2. Bf4 Nf6 3. e3 g6 4. Bd3 Bg7 5. Nd2 O-O 6. Ngf3 Nbd7 7. O-O Nh5 8.
Bg3 Nxg3 9. hxg3 Re8 10. e4 e5 11. c3 dxe4 12. Bxe4 exd4 13. Nxd4 Nb6 14. Qf3
Bxd4 15. cxd4 Qxd4 16. Nb3 Qxb2 17. Bxb7 Bxb7 18. Qxb7 Rec8 19. Rfe1 Na4 20.
Re7 Nc5 21. Qd5 Nxb3 22. Qxf7+ Kh8 23. Qxh7# 1-0

[Event "Tournoi Skype 030B"]
[Site "Skype"]
[Date "????.??.??"]
[Round "9.8"]
[White "De Coninck, Philippe"]
[Black "Malbec, Robert"]
[Result "1-0"]
[WhiteElo "1173"]
[BlackElo "1223"]
[PlyCount "52"]

1. e4 e5 2. f4 exf4 3. Nf3 Be7 4. Bc4 Bh4+ 5. Kf1 Qe7 6. d3 g5 7. Nxh4 gxh4 8.
Bxf4 d6 9. Nd2 Qf6 10. Qf3 Qxb2 11. Bxf7+ Kxf7 12. Be5+ Nf6 13. Bxb2 Rf8 14.
Ke2 Ke8 15. Bxf6 Nd7 16. Qh5+ Rf7 17. Raf1 Nxf6 18. Rxf6 Bg4+ 19. Qxg4 Rxf6 20.
Qh5+ Kd7 21. Qb5+ Kd8 22. Qg5 Ke7 23. Rf1 Raf8 24. e5 dxe5 25. Ne4 Ke6 26.
Rxf6+ Rxf6 1-0

[Event "Tournoi Skype 030B"]
[Site "Skype"]
[Date "????.??.??"]
[Round "9.11"]
[White "Hernandez Lopez, Joaquin"]
[Black "Quiel, Aristoteles"]
[Result "1-0"]
[WhiteElo "1061"]
[BlackElo "1196"]
[PlyCount "57"]

1. d4 f5 2. Nf3 g6 3. e3 c6 4. Bc4 d5 5. Bb3 Nf6 6. c4 e6 7. Nbd2 Nbd7 8. Ne5
Bd6 9. Ndf3 Ne4 10. cxd5 exd5 11. O-O g5 12. h3 g4 13. Nh2 gxh3 14. Qh5+ Ke7
15. Qxh3 Nxe5 16. dxe5 Bxe5 17. Bc2 Qe8 18. f4 Bf6 19. Rf3 Ng5 20. fxg5 f4 21.
g4 fxe3 22. Rxe3+ Be6 23. gxf6+ Kxf6 24. Qh6+ Kf7 25. Re5 Qc8 26. Bg5 Rg8 27.
Qxh7+ Rg7 28. Rf1+ Ke8 29. Qxg7 1-0

[Event "Tournoi Skype 030B"]
[Site "Skype"]
[Date "????.??.??"]
[Round "9.12"]
[White "Castanha, Marco"]
[Black "Sosa, Juan Carlos"]
[Result "0-1"]
[WhiteElo "1000"]
[BlackElo "1276"]
[PlyCount "42"]

1. e4 c5 2. Nf3 Nc6 3. d4 cxd4 4. Nxd4 e5 5. Nf3 Nf6 6. Nc3 Bb4 7. a3 Ba5 8.
Bg5 h6 9. Bxf6 Qxf6 10. Bc4 O-O 11. O-O d6 12. Nd5 Qd8 13. b4 Bc7 14. c3 Bg4
15. h3 Bh5 16. Qe2 b5 17. Bxb5 Ne7 18. Bc4 Nxd5 19. Bxd5 Rc8 20. c4 Bb6 21. Qe3
Bxe3 0-1

[Event "Tournoi Skype 030B"]
[Site "Skype"]
[Date "????.??.??"]
[Round "9.13"]
[White "Roman, Sylvian"]
[Black "Parrales, Rodolfo"]
[Result "1-0"]
[WhiteElo "1284"]
[BlackElo "1146"]
[PlyCount "83"]

1. d4 g6 2. Bf4 Bg7 3. Nf3 d6 4. h3 Nc6 5. e3 Bd7 6. c3 e5 7. Bg3 Nge7 8. d5
Nb8 9. e4 O-O 10. Bd3 c6 11. c4 Na6 12. a3 cxd5 13. cxd5 Nc5 14. Nc3 f5 15. O-O
Nxd3 16. Qxd3 fxe4 17. Nxe4 Bf5 18. Bh4 Rc8 19. Rac1 Qa5 20. Bxe7 Rxc1 21. Rxc1
Re8 22. Bxd6 Qa4 23. Rc4 Qb5 24. Qc2 Qxd5 25. Qe2 Bxe4 26. Qxe4 Qxd6 27. Qxb7
Qd1+ 28. Kh2 Rf8 29. Rc7 Bh6 30. Rxh7 Bf4+ 31. g3 Bxg3+ 32. Kxg3 Qxf3+ 33. Qxf3
Rxf3+ 34. Kxf3 Kxh7 35. Ke4 Kh6 36. Kxe5 Kg5 37. b4 Kh4 38. f4 Kxh3 39. b5 Kg4
40. a4 Kf3 41. a5 Kg4 42. b6 1-0

[Event "Tournoi Skype 030B"]
[Site "Skype"]
[Date "????.??.??"]
[Round "9.14"]
[White "Jones, Malcolm"]
[Black "Conde, Ramon"]
[Result "1-0"]
[WhiteElo "1240"]
[BlackElo "1104"]
[PlyCount "85"]

1. d4 d5 2. Nc3 Bf5 3. Bf4 c6 4. a3 Nd7 5. e3 g6 6. h3 h5 7. Bd3 Bxd3 8. Qxd3
Bg7 9. Nge2 e5 10. dxe5 Nxe5 11. Qd2 Ne7 12. Bg5 Nc4 13. Qc1 Qc7 14. b3 Bxc3+
15. Nxc3 Qe5 16. Ne2 Qxg5 17. b4 Qxg2 18. Rg1 Qxh3 19. c3 Nf5 20. Nf4 Qf3 21.
Ra2 Ncxe3 22. fxe3 Nxe3 23. Ne2 Ng2+ 24. Kd2 Qe3+ 25. Kd1 Qd3+ 26. Rd2 Ne3+ 27.
Ke1 Qf5 28. Nd4 Qf6 29. Re2 Qh4+ 30. Kd2 O-O-O 31. Rxe3 Qf2+ 32. Re2 Qf4+ 33.
Re3 Rhe8 34. Rge1 Qf2+ 35. R1e2 Qf4 36. Qe1 Rxe3 37. Rxe3 h4 38. Kc2 Rh8 39.
Re8+ Rxe8 40. Qxe8+ Kc7 41. Qe7+ Kb6 42. Qd8+ Ka6 43. Qa5# 1-0

[Event "Tournoi Skype 030B"]
[Site "Skype"]
[Date "????.??.??"]
[Round "9.15"]
[White "Sanchez Padilla, Armando Edilber"]
[Black "Barba Cepeda, Julio Cesar"]
[Result "1-0"]
[WhiteElo "1225"]
[BlackElo "1139"]
[PlyCount "83"]

1. e4 e5 2. Nf3 Nc6 3. Bb5 Nf6 4. d3 a6 5. Ba4 b5 6. Bb3 a5 7. a4 b4 8. Be3 Be7
9. h3 O-O 10. O-O d6 11. Nbd2 Nd4 12. Bxd4 exd4 13. Nxd4 c5 14. N4f3 Bb7 15.
Re1 Nd7 16. Nc4 Bf6 17. Nxd6 Ba6 18. Rb1 Ne5 19. Nf5 Ng6 20. e5 Bg5 21. e6 fxe6
22. Rxe6 Kh8 23. Rxg6 hxg6 24. Nxg5 Qxg5 25. Nd6 Ra7 26. Ne4 Qf5 27. Qe2 Re7
28. f3 Bc8 29. Qf2 g5 30. Nxc5 Rfe8 31. Ne4 Be6 32. Nd6 Qf4 33. Nxe8 Rxe8 34.
Bxe6 Rxe6 35. b3 Re8 36. Re1 Rc8 37. Re4 Qf5 38. Qe2 Kh7 39. Re5 Qf4 40. Rxa5
Qb8 41. Rxg5 Re8 42. Qd2 1-0

[Event "Tournoi Skype 030B"]
[Site "Skype"]
[Date "????.??.??"]
[Round "9.17"]
[White "Mira Poveda, Jose Antonio"]
[Black "Llabres, Sergio"]
[Result "0-1"]
[WhiteElo "1117"]
[BlackElo "1176"]
[PlyCount "40"]

1. e4 c6 2. Bc4 d5 3. Bd3 dxe4 4. Bxe4 Nf6 5. Bf3 Bf5 6. Nc3 e6 7. a3 Bd6 8. d3
Nbd7 9. h3 h6 10. Nge2 Qc7 11. Ng3 Bxg3 12. fxg3 Qxg3+ 13. Kf1 O-O 14. Ne2 Qc7
15. Bf4 e5 16. Bg3 Qb6 17. d4 e4 18. Bg4 Bxg4 19. hxg4 Nxg4 20. Nf4 Ne3+ 0-1

[Event "Tournoi Skype 030B"]
[Site "Skype"]
[Date "????.??.??"]
[Round "9.18"]
[White "Gomez Caballero, Blas"]
[Black "De Nobrega, George"]
[Result "1/2-1/2"]
[WhiteElo "1133"]
[BlackElo "1166"]
[PlyCount "98"]

1. e4 e5 2. Nc3 Nf6 3. Nf3 d6 4. h3 Nc6 5. Bb5 Bd7 6. Bxc6 Bxc6 7. a3 Nxe4 8.
Nxe4 Bxe4 9. d3 Bc6 10. O-O Be7 11. Re1 O-O 12. b4 h6 13. Bb2 Bh4 14. Qe2 Qf6
15. Nxh4 Qxh4 16. f3 Rfe8 17. Qe3 Re6 18. Re2 Rg6 19. Qf2 Qxh3 20. Kf1 Qh1+ 21.
Qg1 Qxg1+ 22. Kxg1 Bxf3 23. Rf2 Bc6 24. c4 Re8 25. b5 Bd7 26. Kh2 c6 27. a4
Ree6 28. Ba3 h5 29. Re1 h4 30. Bc1 Rg3 31. Ref1 Be8 32. Rf3 Reg6 33. R3f2 Rxd3
34. bxc6 bxc6 35. Rb2 Rf6 36. Rg1 e4 37. Rb8 Kf8 38. Re1 d5 39. cxd5 cxd5 40.
a5 a6 41. Bg5 Rf2 42. Bxh4 Ra2 43. Bg3 Rxa5 44. Bd6+ Kg8 45. Rxe8+ Kh7 46. Bf4
Ra2 47. Re7 Kg6 48. Re5 Rf3 49. Rg5+ Kf6 1/2-1/2

[Event "Tournoi Skype 030B"]
[Site "Skype"]
[Date "????.??.??"]
[Round "9.19"]
[White "Franca, Adilson Mendes"]
[Black "Huerta Lopez, Cesar Rogelio"]
[Result "0-1"]
[WhiteElo "1147"]
[BlackElo "1097"]
[PlyCount "66"]

1. e4 e5 2. Nf3 d6 3. d4 Nd7 4. dxe5 dxe5 5. Bc4 Qe7 6. Nc3 c6 7. O-O Ngf6 8.
Bg5 h6 9. Bh4 b5 10. Bb3 b4 11. Na4 Ba6 12. Re1 Rd8 13. a3 Nc5 14. Nxc5 Rxd1
15. Rexd1 Qxc5 16. axb4 Qb6 17. Nxe5 Be7 18. Nxf7 Rf8 19. Ne5 Be2 20. Re1 Bb5
21. Rad1 Qc7 22. Nd7 Nxd7 23. Bg3 Ne5 24. Ba2 Bxb4 25. c3 Bd6 26. Be6 Nd3 27.
Re3 Bxg3 28. hxg3 Qd6 29. Bf5 g6 30. Bh3 Rxf2 31. e5 Qd5 32. e6 Qc5 33. Re4
Re2+ 0-1

[Event "Tournoi Skype 030B"]
[Site "Skype"]
[Date "????.??.??"]
[Round "9.20"]
[White "Franco, Yolima"]
[Black "Guevara, Lizbeth"]
[Result "1-0"]
[WhiteElo "1495"]
[BlackElo "1036"]
[PlyCount "77"]

1. d4 d5 2. Nf3 e6 3. e3 c6 4. Bd3 Ne7 5. O-O Nd7 6. Nbd2 g6 7. Re1 Bg7 8. c3
Qc7 9. e4 e5 10. exd5 Nxd5 11. Nxe5 Bxe5 12. f4 Nxf4 13. Nc4 O-O 14. Nxe5 Nd5
15. Re4 N7f6 16. Rh4 Bd7 17. Qd2 c5 18. Qh6 cxd4 19. Nxd7 dxc3 20. Nxf8 Qc5+
21. Kh1 Rxf8 22. Bg5 cxb2 23. Rf1 Re8 24. Bxf6 Nxf6 25. Rxf6 Re1+ 26. Bf1 Rxf1+
27. Rxf1 f5 28. Qxh7+ Kf8 29. Qh8+ Kf7 30. Rh7+ Ke6 31. Qe8+ Kf6 32. Qd8+ Ke6
33. Re1+ Qe5 34. Qe7+ Kd5 35. Qxe5+ Kc6 36. Qxb2 b5 37. Re6+ Kc5 38. Rc7+ Kd5
39. Qe5# 1-0

[Event "Tournoi Skype 030B"]
[Site "Skype"]
[Date "????.??.??"]
[Round "9.21"]
[White "Crocioni, Luca"]
[Black "Duthoit, Bernard"]
[Result "0-1"]
[WhiteElo "1119"]
[BlackElo "1333"]
[PlyCount "82"]

1. e4 e6 2. d4 d5 3. exd5 exd5 4. c3 Nf6 5. Be2 Nc6 6. Nf3 Be7 7. O-O O-O 8.
Be3 Bf5 9. Nbd2 a6 10. Nb3 b5 11. a3 Re8 12. Bd3 Bxd3 13. Qxd3 Bd6 14. Bg5 Re6
15. Nc5 Bxc5 16. dxc5 Qe7 17. b4 Rd8 18. Rad1 Ne5 19. Qf5 Nxf3+ 20. Qxf3 c6 21.
h4 h6 22. Be3 Ne4 23. h5 Nxc3 24. Rde1 d4 25. Bxd4 Ne2+ 26. Rxe2 Rxe2 27. Qg4
f6 28. Be3 Rxe3 29. fxe3 Qxe3+ 30. Kh1 Qxa3 31. Rxf6 Qa1+ 32. Kh2 Qxf6 33. Qe2
Qf4+ 34. Kg1 Qxb4 35. Qf3 Qxc5+ 36. Kh2 Qd6+ 37. g3 Qd2+ 38. Kh3 Qd7+ 39. Kh4
Qf7 40. Qxc6 Qf6+ 41. Qxf6 gxf6 0-1

[Event "Tournoi Skype 030B"]
[Site "Skype"]
[Date "????.??.??"]
[Round "9.22"]
[White "Battaglia, Gabriele"]
[Black "Gomez Zuluaga, Jorge Adiel"]
[Result "1-0"]
[WhiteElo "1271"]
[BlackElo "1079"]
[PlyCount "121"]

1. Nf3 b6 2. g3 Bb7 3. Bg2 d6 4. O-O Nd7 5. d3 Ne5 6. Nbd2 Nf6 7. c4 Qd7 8.
Nxe5 dxe5 9. Bxb7 Rb8 10. Bg2 g5 11. Nf3 Qf5 12. Qa4+ Kd8 13. Nxg5 Qg6 14. Bh3
Bh6 15. Qxa7 Nd7 16. Qa4 Nc5 17. Qa7 Nd7 18. Ne4 Bxc1 19. Raxc1 Qh5 20. Bxd7
Kxd7 21. Qa4+ Kc8 22. Qa6+ Kd7 23. Qb5+ Kd8 24. Qd5+ Ke8 25. Rc2 Qh3 26. Ng5
Qf5 27. Qc6+ Kd8 28. Qd5+ Ke8 29. Nf3 f6 30. Nd4 Qd7 31. Qc6 Qxc6 32. Nxc6 Ra8
33. b4 Kf7 34. b5 h5 35. h4 Ra3 36. Rb1 Rc8 37. c5 bxc5 38. Rxc5 Rxa2 39. Nb4
Rxe2 40. b6 Rd8 41. bxc7 Rc8 42. Nd5 e4 43. dxe4 Rxe4 44. Nb6 Rg8 45. c8=Q Rxh4
46. Qxg8+ Kxg8 47. gxh4 Kf7 48. Re1 e5 49. Re3 Kg6 50. Rf3 e4 51. Rf4 Kg7 52.
Rxh5 Kg6 53. Rhf5 e3 54. fxe3 Kf7 55. Rxf6+ Kg7 56. Nc4 Kh7 57. Ra6 Kg7 58. Rd4
Kf8 59. Rd7 Ke8 60. Rh7 Kf8 61. Ra8# 1-0

[Event "Tournoi Skype 030B"]
[Site "Skype"]
[Date "????.??.??"]
[Round "9.23"]
[White "Ruiz Aguilera, Juan Jesus"]
[Black "Milanese, Serge"]
[Result "0-1"]
[WhiteElo "1102"]
[BlackElo "1202"]
[PlyCount "60"]

1. e4 d5 2. exd5 Qxd5 3. Nc3 Qd8 4. Bb5+ c6 5. Be2 Nf6 6. d4 Bf5 7. Bg5 e6 8.
Bh5 Be7 9. Be2 Nbd7 10. Nf3 h6 11. Bf4 Ne4 12. Nxe4 Bxe4 13. Bd3 Bxf3 14. Qxf3
Nf6 15. c3 a6 16. a4 Nd5 17. Be5 Bf6 18. O-O O-O 19. Rfe1 Bxe5 20. Rxe5 Nf6 21.
a5 Qc7 22. b4 Rad8 23. Rc5 Rd5 24. h3 Rfd8 25. Be4 Nxe4 26. Qxe4 Rxc5 27. dxc5
Rd2 28. Qc4 Qd8 29. Qb3 Qf6 30. Rc1 Qxf2+ 0-1

[Event "Tournoi Skype 030B"]
[Site "Skype"]
[Date "????.??.??"]
[Round "9.24"]
[White "Ruiz Gomez, Luz Alba"]
[Black "Radice, Marco"]
[Result "0-1"]
[WhiteElo "1192"]
[BlackElo "1000"]
[PlyCount "80"]

1. d4 Nf6 2. Bf4 e6 3. e3 b6 4. Nd2 Bb7 5. Ngf3 Be7 6. c4 O-O 7. Be2 Na6 8. a3
c5 9. O-O Nc7 10. Rc1 cxd4 11. exd4 Rc8 12. Qa4 a5 13. Qb3 Nce8 14. Bd3 Nd6 15.
Bxd6 Bxd6 16. Rfe1 Bf4 17. c5 Bxf3 18. gxf3 Bxd2 19. Qxb6 Qxb6 20. cxb6 Rxc1
21. Rxc1 Bxc1 22. b4 axb4 23. axb4 Bf4 24. b7 d5 25. Bb5 Rb8 26. Bc6 Bc7 27. h3
Bb6 28. Kf1 Bxd4 29. b5 Bc5 30. Ke2 d4 31. Kd3 Nd5 32. Kc4 Bb6 33. f4 Nxf4 34.
h4 d3 35. Kc3 Bxf2 36. h5 Be1+ 37. Kb2 d2 38. Kc2 Nd3 39. Be4 Nf2 40. Bc6 d1=Q+
0-1

[Event "Tournoi Skype 030B"]
[Site "Skype"]
[Date "????.??.??"]
[Round "9.25"]
[White "Lognos, Lina"]
[Black "Talwalkar, Omkar Sameer"]
[Result "0-1"]
[WhiteElo "1023"]
[BlackElo "1149"]
[PlyCount "62"]

1. d4 d5 2. Bf4 c5 3. e3 Nc6 4. c4 e6 5. Nf3 Bd6 6. Bg3 Nf6 7. Ne5 Qc7 8. Nd2
Nxe5 9. dxe5 Bxe5 10. Nf3 Bxg3 11. hxg3 Qa5+ 12. Qd2 Qxd2+ 13. Nxd2 O-O 14. Bd3
h6 15. Nf3 Bd7 16. Ne5 Rad8 17. O-O-O a6 18. f4 Rfe8 19. g4 dxc4 20. Bxc4 Bb5
21. Rxd8 Rxd8 22. Rd1 Rxd1+ 23. Kxd1 Bxc4 24. Nxc4 Nxg4 25. Ke2 Kf8 26. Nd6 b5
27. b3 Nf6 28. a3 Ke7 29. Nb7 Nd7 30. g4 g5 31. fxg5 hxg5 0-1

[Event "Tournoi Skype 030B"]
[Site "Skype"]
[Date "????.??.??"]
[Round "9.26"]
[White "Rivalta, Paolo"]
[Black "Salvi, Angele"]
[Result "0-1"]
[WhiteElo "1142"]
[BlackElo "1000"]
[PlyCount "92"]

1. e4 d5 2. e5 c5 3. d4 e6 4. c4 b6 5. Nc3 a6 6. cxd5 exd5 7. Nf3 Nc6 8. Bg5 f6
9. exf6 Nxf6 10. Be2 Be7 11. O-O O-O 12. Re1 Ra7 13. Qb3 Na5 14. Qc2 Rd7 15.
Ne5 Rd6 16. Bf3 Bb7 17. dxc5 bxc5 18. Na4 c4 19. b4 cxb3 20. axb3 Nd7 21. Bxe7
Qxe7 22. Ng6 Qf6 23. Nxf8 Nxf8 24. b4 Nc6 25. Rab1 Nd4 26. Qd3 Nfe6 27. Nc5 Nf4
28. Re8+ Kf7 29. Qe3 Nde6 30. Nxb7 d4 31. Nxd6+ Kg6 32. Qe4+ Kh6 33. Bg4 Ng5
34. Nf5+ Kg6 35. Qxf4 Ne6 36. Qe4 Ng5 37. Nh4+ Kh6 38. Qe3 dxe3 39. Nf5+ Kg6
40. Nxe3 Qf7 41. Nf5 Qxe8 42. Nh4+ Kf6 43. Rd1 Qe4 44. Rd6+ Ke7 45. Rd7+ Ke8
46. f3 Qe1# 0-1

[Event "Tournoi Skype 030B"]
[Site "Skype"]
[Date "????.??.??"]
[Round "9.27"]
[White "Balci Gungor, Ayca"]
[Black "Yanez, Leticia Jorgelina"]
[Result "1-0"]
[WhiteElo "1019"]
[BlackElo "1120"]
[PlyCount "97"]

1. e4 e5 2. Bc4 Nf6 3. d3 c6 4. Nf3 Be7 5. O-O O-O 6. Nbd2 d6 7. c3 d5 8. Bb3
Bg4 9. h3 Bxf3 10. Qxf3 Nbd7 11. Re1 Nc5 12. Bc2 Ne6 13. Qf5 Qd6 14. exd5 cxd5
15. Rxe5 g6 16. Rxe6 Qxe6 17. Qxe6 fxe6 18. d4 Bd6 19. Nf3 Rae8 20. Bh6 Ne4 21.
Bxf8 Bxf8 22. Re1 Nf6 23. Ng5 Bh6 24. Nxe6 Bd2 25. Re5 Ne4 26. Nc7 Rxe5 27.
dxe5 Ng5 28. e6 Bf4 29. e7 Bxc7 30. e8=Q+ Kg7 31. Qe7+ Kh6 32. Qxc7 b5 33. Qxa7
b4 34. cxb4 Ne6 35. g4 g5 36. Bxh7 Ng7 37. Bg8 Kg6 38. Qa6+ Ne6 39. Qxe6+ Kg7
40. Bf7 Kf8 41. Bg6 Kg7 42. Be8 Kh7 43. Qxd5 Kg7 44. Qxg5+ Kf8 45. Bd7 Kf7 46.
h4 Kf8 47. h5 Kf7 48. h6 Kf8 49. Qg7# 1-0

[Event "Tournoi Skype 030B"]
[Site "Skype"]
[Date "????.??.??"]
[Round "9.28"]
[White "Farfallini, Michel"]
[Black "Nicolini, Francesco"]
[Result "0-1"]
[WhiteElo "1446"]
[BlackElo "1176"]
[PlyCount "60"]

1. e4 e5 2. Nf3 Nc6 3. Bb5 Nge7 4. O-O a6 5. Ba4 b5 6. Bb3 Ng6 7. d4 Be7 8. Bd2
Nxd4 9. Nxd4 exd4 10. Ba5 Bc5 11. c3 dxc3 12. Qd5 O-O 13. Nxc3 c6 14. Qxc5 Qxa5
15. Rad1 Qd8 16. Bc2 Re8 17. Ne2 Ne5 18. f4 Ng4 19. Rd3 Bb7 20. Rg3 Nh6 21. Qh5
Kh8 22. Rh3 Qb6+ 23. Kh1 c5 24. Ng3 Qg6 25. Qxc5 Rac8 26. Qf2 Ng4 27. Qe2 Nh6
28. Bd1 Bxe4 29. f5 Bxf5 30. Qh5 Bxh3 0-1

[Event "Tournoi Skype 030B"]
[Site "Skype"]
[Date "????.??.??"]
[Round "9.29"]
[White "Conde, Carmen"]
[Black "Luna Perez Vico, Lorenzo"]
[Result "1-0"]
[WhiteElo "1166"]
[BlackElo "1341"]
[PlyCount "80"]

1. e4 c5 2. Bc4 e6 3. Nf3 Nc6 4. c3 a6 5. d4 b5 6. Bb3 c4 7. Bc2 d5 8. exd5
exd5 9. O-O Be7 10. Re1 h6 11. Be3 Nf6 12. h3 O-O 13. Nbd2 Re8 14. Qc1 Be6 15.
Nf1 Nh5 16. Bxh6 Bf6 17. Bg5 g6 18. Ng3 Nxg3 19. fxg3 Bxg5 20. Nxg5 Qf6 21. Rf1
Qg7 22. Qf4 Rf8 23. Qd6 Rac8 24. Rae1 Rfd8 25. Qf4 Rf8 26. Re2 Rcd8 27. Ref2
Bf5 28. Bxf5 gxf5 29. Qxf5 Ne7 30. Qg4 f5 31. Qh5 Rf6 32. h4 Rdf8 33. Qe2 Ng6
34. Ne6 Rxe6 35. Qxe6+ Qf7 36. Qxf7+ Rxf7 37. Rxf5 Rxf5 38. Rxf5 Kg7 39. Rxd5
Kf6 40. Rd6+ Kf7 1-0

[Event "Tournoi Skype 030B"]
[Site "Skype"]
[Date "????.??.??"]
[Round "9.30"]
[White "Vincent, Andre"]
[Black "Ortis, Yves"]
[Result "1/2-1/2"]
[WhiteElo "1332"]
[BlackElo "1148"]
[PlyCount "53"]

1. c4 e5 2. Nc3 Nf6 3. e3 a6 4. Be2 g6 5. d4 exd4 6. exd4 d6 7. Nf3 Nbd7 8. Qc2
Be7 9. O-O O-O 10. Bg5 Nh5 11. Bxe7 Qxe7 12. g3 Nb6 13. Rfe1 c6 14. Rad1 Qf6
15. b3 Bg4 16. Qd3 Rfe8 17. Kg2 Bf5 18. Qd2 Rad8 19. Bf1 Bg4 20. Rxe8+ Rxe8 21.
Be2 Qe6 22. Ng1 Nf6 23. h3 Bxe2 24. Ncxe2 Ne4 25. Qf4 g5 26. Qf3 Nd7 27. Rd3
1/2-1/2

[Event "Tournoi Skype 030B"]
[Site "Skype"]
[Date "????.??.??"]
[Round "9.32"]
[White "Guillaume, Mickael"]
[Black "Hargez, Dany"]
[Result "1-0"]
[WhiteElo "1106"]
[BlackElo "1296"]
[PlyCount "95"]

1. e4 d6 2. d4 Nf6 3. Nc3 Bg4 4. Be2 Bd7 5. Bf4 e6 6. e5 Nd5 7. Nxd5 exd5 8.
Nf3 Be7 9. Qd2 O-O 10. Bg5 dxe5 11. Bxe7 Qxe7 12. dxe5 Be6 13. O-O f6 14. b3
Nd7 15. c4 c6 16. cxd5 cxd5 17. exf6 Nxf6 18. Ng5 Ne4 19. Nxe4 dxe4 20. Rac1
Bf5 21. Bc4+ Be6 22. Qd4 Bxc4 23. Rxc4 Rf4 24. f3 Raf8 25. Qd5+ Kh8 26. Re1 Qh4
27. Rcxe4 Qf6 28. Re8 Qg6 29. Qe5 R4f7 30. Qe7 Kg8 31. Rxf8+ Rxf8 32. Qxb7 Re8
33. Qd5+ Kf8 34. Qc5+ Kf7 35. Qxa7+ Kf6 36. Qb6+ Kf7 37. Qxg6+ hxg6 38. Rxe8
Kxe8 39. Kf2 Kd7 40. Ke3 Kc6 41. Kd3 Kb5 42. a3 Kc5 43. Kc3 Kb5 44. h4 Kc5 45.
a4 Kb6 46. b4 Ka6 47. Kc4 Kb6 48. g3 1-0